Statistiques concernant Pays les plus visités par les néerlandais

Cliquez ici pour prendre le quiz!

Statistiques générales

  • Ce quiz a été pris 128 fois
  • Le résultat moyen est 4 sur 5

Statistiques - réponses

No.touristesDestination% Correct
2,606,000France
99%
3,373,000Allemagne
98%
1,425,000Belgique
95%
1,865,000Espagne
89%
1,113,000Autriche
45%

Distribution des résultats

Percentile par nombre de réponses

% des personnes avec chaque résultat

Votre développement - résultats

Vous n’avez pas pris ce quiz